MARC

LEADER 00000nam0a2200000 4500
001 319081
005 20231102003138.0
035 |a (RuTPU)RU\TPU\book\344586 
035 |a RU\TPU\book\275193 
090 |a 319081 
100 |a 20160518d1979 k y0rusy5003 ca 
101 0 |a rus 
102 |a RU 
105 |a a z 001zy 
200 1 |a Технология минеральных удобрений  |e межвузовский сборник научных трудов  |f Ленинградский технологический институт им. Ленсовета (ЛТИ) ; отв. ред. М. Е. Позин 
210 |a Ленинград  |c Изд-во Ленинградского технологического ин-та  |d 1979 
215 |a 145 с.  |c ил. 
320 |a Библиогр. в конце ст. 
606 1 |a Минеральные удобрения  |x Производство  |2 stltpush  |3 (RuTPU)RU\TPU\subj\72532  |9 86002 
610 1 |a флотационное обогащение 
610 1 |a химическое обогащение 
610 1 |a фосфориты 
610 1 |a утилизация 
675 |a 661.152  |v 4 
702 1 |a Позин  |b М. Е.  |g Макс Ефимович  |4 340 
712 0 2 |a Ленинградский технологический институт им. Ленсовета (ЛТИ)  |2 stltpush  |3 (RuTPU)RU\TPU\col\1462 
801 0 |a RU  |b 63413507  |c 19950417  |g psbo 
801 1 |a RU  |b 63413507  |c 20140306 
801 2 |a RU  |b 63413507  |c 20171102  |g RCR 
942 |c BK